| 000 | 00754nam a22002297a 4500 | ||
|---|---|---|---|
| 999 |
_c65684 _d65684 |
||
| 005 | 20240530110838.0 | ||
| 008 | 191202s2007 ua a f b 000 0 ara d | ||
| 017 |
_a2007/20200 _bمصر. دار الكتب |
||
| 020 | _a9774374703 | ||
| 040 |
_aEG-CaGPL _cEG-CaGPL |
||
| 082 |
_221 _a913.031 _bق / م م |
||
| 110 | _aالمجلس الاعلى للاثار | ||
| 245 | _a؟؟؟؟؟؟؟؟ | ||
| 260 |
_aالقاهرة : _bالمجلس الاعلى للاثار، _c2007 |
||
| 300 |
_a258ص . : _bايض . ؛ _c26 سم . |
||
| 504 | _aيشمل على ارجاعات ببليوجرافية | ||
| 650 | 0 | 7 |
_2qrmak _aالنحت الزخرفى |
| 650 | 0 | 7 | _2qrmak |
| 651 | _2qrmak | ||
| 942 |
_2ddc _cBK |
||